| 000 | 00943nam a22002777a 4500 | ||
|---|---|---|---|
| 001 | 21045 | ||
| 003 | UA-OsUOA | ||
| 005 | 20260330102251.0 | ||
| 007 | ta | ||
| 008 | 20031113b un ||||| |||| 00| 0 ukr d | ||
| 020 | _a5120038727 | ||
| 040 |
_aUA-OsUOA _bukr _cUA-OsUOA _dUA-OsUOA |
||
| 041 | _aukr | ||
| 044 | _aUA | ||
| 080 | _a94(477).075 | ||
| 090 |
_a94(477).075 _bГ61 |
||
| 110 |
_aІнститут історії України _923357 |
||
| 245 |
_aГолод 1921–1923 років в Україні _bзбірник документів і матеріалів _cвідп. ред. С. В. Кульчицький |
||
| 260 |
_aКиїв _bНаукова думка _c1993 |
||
| 300 | _a240 с. | ||
| 650 | 7 |
_2UDC _a94(477) Історія України _940 |
|
| 700 | 1 |
_aКульчицький С. В. _eред. _920529 |
|
| 942 |
_cBK _2udc |
||
| 955 | _a1 | ||
| 999 |
_c307237 _d307237 |
||